[Event "SVK 3.liga A2"]
[Site "?"]
[Date "2019.11.24"]
[Round "4.6"]
[White "Matis, Tibor"]
[Black "Diviak, Rastislav"]
[Result "1/2-1/2"]
[WhiteElo "1908"]
[BlackElo "2007"]
[PlyCount "34"]
[EventDate "2019.10.06"]

1. e4 d6 2. d4 Nf6 3. Nc3 g6 4. Nf3 Bg7 5. Be2 O-O 6. O-O c6 7. h3 Nbd7 8. Bg5
Qc7 9. Qd2 e5 10. dxe5 dxe5 11. Rfe1 Nc5 12. Bc4 Be6 13. Qe2 Bxc4 14. Qxc4 Ne6
15. Bh4 Rad8 16. Rad1 Rfe8 17. a4 h6 1/2-1/2

[Event "SVK 3.liga A2"]
[Site "?"]
[Date "2019.11.24"]
[Round "4.6"]
[White "Spacek, Marcel"]
[Black "Rachela, Robert"]
[Result "1-0"]
[WhiteElo "1836"]
[BlackElo "1865"]
[PlyCount "53"]
[EventDate "2019.10.06"]

1. d4 d5 2. c4 dxc4 3. e4 c5 4. Nf3 Bg4 5. Bxc4 e6 6. Qa4+ Ke7 7. Ne5 Bh5 8.
Qb5 Qc7 9. Bf4 a6 10. Qa4 Qb6 11. O-O cxd4 12. Qa3+ Ke8 13. Qh3 Nf6 14. Bg5 Bg6
15. Nxg6 fxg6 16. Bxe6 Be7 17. Nd2 Qa5 18. Nf3 h6 19. e5 Nh5 20. Bd2 Qb6 21.
Qg4 Bg5 22. Rac1 Nc6 23. Bd7+ Kf8 24. Bxg5 hxg5 25. Qe4 Nf4 26. Nxg5 Nh5 27.
Qxg6 1-0

[Event "SVK 3.liga A2"]
[Site "?"]
[Date "2019.11.24"]
[Round "4.6"]
[White "Mezes, Kristof"]
[Black "Hrdlicka, Martin"]
[Result "1/2-1/2"]
[WhiteElo "1656"]
[BlackElo "1685"]
[PlyCount "63"]
[EventDate "2019.10.06"]

1. d4 d5 2. c4 c6 3. Nc3 Nf6 4. Nf3 e6 5. Bg5 Be7 6. e3 b6 7. Be2 Ba6 8. b3 O-O
9. O-O Nbd7 10. Qc2 Rc8 11. Rfc1 Qc7 12. cxd5 Bxe2 13. dxe6 Bxf3 14. exd7 Qxd7
15. gxf3 Qh3 16. Qe2 Bd6 17. f4 Ng4 18. f3 Rfe8 19. e4 h6 20. fxg4 hxg5 21.
fxg5 Bf4 22. Rc2 Be3+ 23. Kh1 Bxd4 24. Rd1 Be5 25. Rd3 Qh4 26. Qf3 Qxg5 27. Qf5
Qh4 28. Rd7 Bxc3 29. Qxf7+ Kh8 30. Rxc3 Qe1+ 31. Kg2 Qxc3 32. Qh5+ 1/2-1/2

[Event "SVK 3.liga A2"]
[Site "?"]
[Date "2019.12.08"]
[Round "5.1"]
[White "Takacs, Laszlo"]
[Black "Lopatievov, Alexander"]
[Result "1/2-1/2"]
[WhiteElo "2189"]
[BlackElo "1860"]
[PlyCount "115"]
[EventDate "2019.10.06"]

1. e4 d5 2. exd5 Qxd5 3. Nc3 Qd8 4. d4 c6 5. Nf3 Bg4 6. Be2 Nf6 7. Bg5 e6 8. h3
Bh5 9. g4 Bg6 10. Ne5 Be7 11. Nxg6 hxg6 12. Qd3 Qa5 13. Bd2 Nbd7 14. O-O-O Qc7
15. Kb1 a5 16. h4 a4 17. h5 gxh5 18. gxh5 b5 19. Rdg1 b4 20. Ne4 Nxe4 21. Qxe4
Nf6 22. Qf4 Qxf4 23. Bxf4 Rg8 24. Be5 Kd7 25. Rg2 g6 26. hxg6 Rxg6 27. Rxg6
fxg6 28. Rh6 Rg8 29. Bf3 Bf8 30. Rh1 Be7 31. Kc1 g5 32. Kd2 g4 33. Bg2 Rf8 34.
Ke2 Rf7 35. Rh8 Bf8 36. c3 bxc3 37. bxc3 Ne8 38. Rh4 Nf6 39. c4 Be7 40. Rh1 Bd6
41. Rb1 Kc7 42. Bxd6+ Kxd6 43. Rb6 Rc7 44. Ke3 e5 45. d5 Nd7 46. Rxc6+ Rxc6 47.
dxc6 Nc5 48. Bd5 Kc7 49. Be4 a3 50. Bc2 Kxc6 51. Kd2 Na6 52. Kc3 Kc5 53. Bf5
Nb4 54. Kb3 Nxa2 55. Kxa2 Kxc4 56. Bxg4 e4 57. Bf5 Kd4 58. Bg4 1/2-1/2

[Event "SVK 3.liga A2"]
[Site "?"]
[Date "2019.12.08"]
[Round "5.1"]
[White "Zarecky, Eduard"]
[Black "Cibulka, Vladimir"]
[Result "0-1"]
[WhiteElo "1805"]
[BlackElo "2152"]
[PlyCount "86"]
[EventDate "2019.10.06"]

1. d4 Nf6 2. c4 c5 3. e3 g6 4. Nf3 Bg7 5. Nc3 cxd4 6. Nxd4 O-O 7. Bd3 d6 8. O-O
Nc6 9. Nxc6 bxc6 10. Ne4 Rb8 11. Rb1 Qc7 12. Qa4 Bd7 13. Nxf6+ Bxf6 14. Qc2 Qa5
15. b3 c5 16. Bd2 Qc7 17. Be4 Bc6 18. Bxc6 Qxc6 19. Bc3 Bxc3 20. Qxc3 Rb7 21.
Rfd1 Qa6 22. Rd2 Qa3 23. f3 a5 24. Rbd1 Qb4 25. Qc2 a4 26. bxa4 Ra8 27. Rd3
Qxa4 28. Qxa4 Rxa4 29. Rb3 Rba7 30. Rc1 Rxa2 31. Rbc3 Rb2 32. R1c2 Raa2 33.
Rxb2 Rxb2 34. h4 f5 35. Kh2 Kf7 36. Kh3 Kf6 37. g4 h6 38. f4 fxg4+ 39. Kxg4 h5+
40. Kf3 Rh2 41. Kg3 Rh1 42. e4 Rg1+ 43. Kf3 Rg4 0-1

[Event "SVK 3.liga A2"]
[Site "?"]
[Date "2019.12.08"]
[Round "5.1"]
[White "Blaho, Stefan"]
[Black "Ganz, Marek"]
[Result "1-0"]
[WhiteElo "2066"]
[BlackElo "1630"]
[PlyCount "101"]
[EventDate "2019.10.06"]

1. d4 d5 2. c4 Nf6 3. cxd5 Nxd5 4. e4 Nf6 5. Nc3 e6 6. Be3 Bb4 7. Bd3 Nc6 8.
Nf3 O-O 9. h3 h6 10. O-O Ne7 11. Ne5 c5 12. dxc5 Qc7 13. Nc4 Bxc5 14. Nb5 Qc6
15. Na5 Qb6 16. Bxc5 Qxc5 17. Rc1 Qb4 18. Nb3 Nxe4 19. Nc7 Rb8 20. Rc4 Qb6 21.
Bxe4 Nc6 22. Bxc6 bxc6 23. Qd6 c5 24. Qxc5 Bd7 25. Rfc1 Qb7 26. R1c3 Rfd8 27.
a3 Qc8 28. Qe7 a6 29. Nxe6 Qxc4 30. Rxc4 Bxe6 31. Rb4 Bxb3 32. Kh2 Be6 33. Qc7
Rbc8 34. Qb6 Rd2 35. Qe3 Rcd8 36. a4 R8d3 37. Rb8+ Rd8 38. Qb6 Rxb8 39. Qxb8+
Kh7 40. Qb6 Bc4 41. Qb4 Rc2 42. b3 Bd3 43. Qd4 Bg6 44. b4 Re2 45. f3 Ra2 46. b5
Bc2 47. b6 Ra3 48. b7 Rb3 49. Qc4 Rxb7 50. Qxc2+ g6 51. Qc6 1-0

[Event "SVK 3.liga A2"]
[Site "?"]
[Date "2019.12.08"]
[Round "5.1"]
[White "Gajarsky, Julius"]
[Black "Bugar, Peter"]
[Result "0-1"]
[WhiteElo "1691"]
[BlackElo "2005"]
[PlyCount "68"]
[EventDate "2019.10.06"]

1. d4 Nf6 2. c4 c5 3. Nc3 cxd4 4. Qxd4 Nc6 5. Qd1 e6 6. e3 Be7 7. Nf3 O-O 8. a3
a6 9. Bd3 Qc7 10. b4 b5 11. c5 d6 12. cxd6 Bxd6 13. Bb2 Rd8 14. Qe2 Bb7 15. Rc1
Rac8 16. O-O Qb8 17. Ne4 Nxe4 18. Bxe4 h6 19. h3 Qa8 20. Rfd1 Nd4 21. Nxd4 Bxe4
22. f3 Bd5 23. Rxc8 Qxc8 24. Rc1 Bc4 25. Qc2 Bb8 26. Qe4 Qc7 27. f4 Rc8 28. Kf2
f5 29. Qc2 Qd7 30. Kg1 Rd8 31. Nf3 Qd3 32. Ne5 Qxe3+ 33. Qf2 Qxf2+ 34. Kxf2
Rd2+ 0-1

[Event "SVK 3.liga A2"]
[Site "?"]
[Date "2019.12.08"]
[Round "5.2"]
[White "Liptak, Tomas"]
[Black "Gzib, David"]
[Result "1/2-1/2"]
[WhiteElo "2186"]
[BlackElo "2017"]
[PlyCount "135"]
[EventDate "2019.10.06"]

1. e4 c5 2. Nf3 d6 3. c4 e5 4. g3 Nc6 5. d3 g6 6. Bg2 Bg7 7. Nc3 Nge7 8. Bg5 f6
9. Be3 Nd4 10. Nh4 O-O 11. O-O Nec6 12. Qd2 Be6 13. f4 f5 14. Rae1 Bh6 15. exf5
Nxf5 16. Nxf5 Bxf5 17. fxe5 Bxe3+ 18. Rxe3 dxe5 19. Bd5+ Kg7 20. Bxc6 bxc6 21.
Rxe5 Qd4+ 22. Qe3 Bxd3 23. Re7+ Kg8 24. Rd1 Qxe3+ 25. Rxe3 Bxc4 26. Re5 Rf5 27.
Rxf5 gxf5 28. Rd7 Be6 $11 29. Rd6 Bf7 30. Rxc6 Rb8 31. b3 c4 32. bxc4 Rb4 33.
Nd5 Bxd5 34. cxd5 Rb1+ 35. Kg2 Rb2+ 36. Kh3 Rxa2 37. Rf6 Rd2 38. Rxf5 Kg7 39.
g4 a5 40. d6 Rxd6 41. Rxa5 Re6 42. Kh4 Rh6+ 43. Kg3 Rd6 44. Ra3 Re6 45. h4 Rd6
46. Ra7+ Kg8 47. Ra4 Kg7 48. Kf4 Rf6+ 49. Ke5 Rb6 50. Rd4 Ra6 51. Rd7+ Kg8 52.
g5 h6 53. Kf5 hxg5 54. hxg5 Rb6 55. Kg4 Ra6 56. Kh5 Rb6 57. Ra7 Rc6 58. g6 Rc1
59. Ra5 Rh1+ 60. Kg5 Rg1+ 61. Kf6 Rf1+ 62. Rf5 Rxf5+ 63. Kxf5 Kg7 64. Kg5 Kg8
65. Kf6 Kf8 66. Kg5 Kg7 67. Kf5 Kg8 68. Kf6 1/2-1/2

[Event "SVK 3.liga A2"]
[Site "?"]
[Date "2019.12.08"]
[Round "5.2"]
[White "Cajka, Tibor"]
[Black "Kovacocy, Pavel"]
[Result "0-1"]
[WhiteElo "2142"]
[BlackElo "2273"]
[PlyCount "92"]
[EventDate "2019.10.06"]

1. e4 c5 2. Nf3 g6 3. c3 Bg7 4. d4 cxd4 5. cxd4 d5 6. e5 Nh6 7. Bd3 O-O 8. O-O
Nc6 9. Nc3 Bg4 10. h3 Bxf3 11. Qxf3 Nxd4 12. Qxd5 Qxd5 13. Nxd5 Rfd8 14. Nxe7+
Kf8 15. Be4 Kxe7 16. Bg5+ Ke8 17. Bxb7 Rab8 18. Bxd8 Kxd8 19. Rad1 Bxe5 20.
Rfe1 Bg7 21. Ba6 Rxb2 22. Bc4 Rb7 23. Re4 Rd7 24. Rb1 Nhf5 25. Ba6 Nc6 26. Rc4
Nfe7 27. Bb5 Rd6 28. Bxc6 Nxc6 29. Rh4 h5 30. Rf4 f5 31. g3 Nd4 32. Rb8+ Kc7
33. Ra8 Ne2+ 34. Kh2 Nxf4 35. Rxa7+ Kc6 36. Rxg7 Nd3 37. Kg2 Kd5 38. a4 Ke5 39.
a5 Ra6 40. f4+ Kf6 41. Rd7 Nc5 42. Rd5 Rxa5 43. g4 Ra2+ 44. Kg3 Ne4+ 45. Kh4
hxg4 46. Rb5 gxh3 0-1

[Event "SVK 3.liga A2"]
[Site "?"]
[Date "2019.12.08"]
[Round "5.2"]
[White "Sarmir, Milos"]
[Black "Hecko, Dusan"]
[Result "1/2-1/2"]
[WhiteElo "2063"]
[BlackElo "2028"]
[PlyCount "45"]
[EventDate "2019.10.06"]

1. e4 d5 2. exd5 Qxd5 3. Nc3 Qd6 4. d4 Nf6 5. Nf3 Nc6 6. Be2 Bf5 7. a3 a6 8.
O-O e6 9. Be3 Be7 10. Qd2 O-O 11. h3 Rad8 12. Rad1 Rfe8 13. Bf4 Qd7 14. Ne5
Nxe5 15. Bxe5 Nd5 16. Nxd5 exd5 17. Bf3 h6 18. c4 c6 19. cxd5 cxd5 20. Rc1 Rc8
21. Qa5 Be6 22. Bf4 Bf6 23. Qb6 $11 1/2-1/2

[Event "SVK 3.liga A2"]
[Site "?"]
[Date "2019.12.08"]
[Round "5.2"]
[White "Diviak, Rastislav"]
[Black "Puchart, Vladimir"]
[Result "1/2-1/2"]
[WhiteElo "1996"]
[BlackElo "2043"]
[PlyCount "48"]
[EventDate "2019.10.06"]

1. e4 c5 2. Nf3 d6 3. d4 cxd4 4. Nxd4 Nf6 5. Nc3 a6 6. Bc4 e6 7. Bb3 Be7 8. Be3
O-O 9. Qe2 Nc6 10. O-O-O Qc7 11. Rhg1 b5 12. f3 Nxd4 13. Bxd4 Nd7 14. f4 Nc5
15. g4 Bb7 16. e5 Rac8 17. f5 Nxb3+ 18. axb3 b4 19. f6 bxc3 20. fxe7 Qxe7 21.
Bxc3 Qg5+ 22. Kb1 dxe5 23. Qxe5 Qxe5 24. Bxe5 Rfd8 $11 1/2-1/2

[Event "SVK 3.liga A2"]
[Site "?"]
[Date "2019.12.08"]
[Round "5.2"]
[White "Vlkovic, Pavol"]
[Black "Skapik, Branislav"]
[Result "1/2-1/2"]
[WhiteElo "1830"]
[BlackElo "1755"]
[PlyCount "32"]
[EventDate "2019.10.06"]

1. e4 d5 2. exd5 Nf6 3. d4 Nxd5 4. Nf3 e6 5. a3 Be7 6. c4 Nf6 7. Nc3 c5 8. d5
exd5 9. cxd5 O-O 10. Be2 Re8 11. O-O a6 12. Bf4 Bd6 13. Bg5 h6 14. Bh4 Bf5 15.
Bd3 Bxd3 16. Qxd3 Nbd7 1/2-1/2

[Event "SVK 3.liga A2"]
[Site "?"]
[Date "2019.12.08"]
[Round "5.2"]
[White "Hrdlicka, Martin"]
[Black "Vagovsky, Jozef"]
[Result "1-0"]
[WhiteElo "1785"]
[BlackElo "1782"]
[PlyCount "75"]
[EventDate "2019.10.06"]

1. e4 e6 2. d4 d5 3. exd5 exd5 4. Nf3 Bb4+ 5. c3 Bd6 6. Bd3 Ne7 7. Qc2 Bg4 8.
Nbd2 Qd7 9. O-O Bf5 10. Ne5 Bxe5 11. dxe5 Bxd3 12. Qxd3 O-O 13. Nf3 Na6 14. Be3
c6 15. Rae1 Rfe8 16. Ng5 Qf5 17. Qd4 h6 18. Nf3 Nc7 19. Nh4 Qe6 20. f4 Nf5 21.
Nxf5 Qxf5 22. h3 h5 23. Rf3 Re6 24. Rg3 Rg6 25. Rxg6 Qxg6 26. Rf1 Qf5 27. Rf3
Qb1+ 28. Kh2 Qe4 29. Rg3 Qxd4 30. Bxd4 b6 31. b4 Re8 32. a4 Kh7 33. f5 g6 34.
Rg5 Re7 35. Kg3 Na6 36. e6 fxe6 37. fxg6+ Kg8 38. Rxh5 1-0

[Event "SVK 3.liga A2"]
[Site "?"]
[Date "2019.12.08"]
[Round "5.2"]
[White "Hornak, Pavol"]
[Black "Ulehla, Jakub"]
[Result "0-1"]
[WhiteElo "1759"]
[BlackElo "1739"]
[PlyCount "84"]
[EventDate "2019.10.06"]

1. d4 f5 2. c4 Nf6 3. Nc3 e6 4. g3 d5 5. Bg2 c6 6. Nf3 Bd6 7. cxd5 exd5 8. O-O
O-O 9. a3 Ne4 10. Nd2 Nd7 11. f3 Nxc3 12. bxc3 f4 13. g4 Qh4 14. a4 Nf6 15. Qe1
Qg5 16. h3 h5 17. Ba3 Bxa3 18. Rxa3 Kf7 19. c4 Rh8 20. Qf2 Be6 21. c5 Rae8 22.
e3 hxg4 23. fxg4 Bxg4 24. hxg4 fxe3 25. Rxe3 Qxe3 26. Qxe3 Rxe3 27. g5 Rd3 28.
Nf3 Ra3 29. gxf6 gxf6 30. Rb1 Rb8 31. Nh4 Rxa4 32. Nf5 Kg6 33. Bh3 Rh8 34. Rxb7
Rxh3 35. Ne7+ Kg5 36. Nxc6 Rc3 37. Rb2 Kf4 38. Nb4 Ke4 39. Nc6 Rxd4 40. Nxa7
Rxc5 41. Nb5 Rxb5 42. Rxb5 f5 0-1

[Event "SVK 3.liga A2"]
[Site "?"]
[Date "2019.12.08"]
[Round "5.2"]
[White "Sadlon, Matus"]
[Black "Kavuljak, Alojz"]
[Result "1-0"]
[WhiteElo "1704"]
[BlackElo "1681"]
[PlyCount "61"]
[EventDate "2019.10.06"]

1. e4 d6 2. d4 g6 3. Bd3 Bg7 4. c3 Nc6 5. Ne2 e5 6. d5 Nce7 7. O-O f5 8. f4
fxe4 9. Bxe4 Bf5 10. Ng3 Qd7 11. fxe5 Bxe5 12. Nxf5 Nxf5 13. Bxf5 gxf5 14. Qh5+
Qf7 15. Qxf7+ Kxf7 16. Rxf5+ Kg6 17. Rf3 Nf6 18. Rd3 Rae8 19. Nd2 Bf4 20. Nf3
Bxc1 21. Rxc1 Re2 22. Nd4 Rxb2 23. Rg3+ Kh5 24. Rf1 Ne4 25. Rg7 Ng5 26. Rf5 h6
27. Ne6 Re8 28. h3 Kh4 29. Nxg5 hxg5 30. Rgxg5 Re5 31. Rg4# 1-0

[Event "SVK 3.liga A2"]
[Site "?"]
[Date "2019.12.08"]
[Round "5.3"]
[White "Babirat, Michal"]
[Black "Horak, Ivan"]
[Result "0-1"]
[WhiteElo "1878"]
[BlackElo "2002"]
[PlyCount "78"]
[EventDate "2019.10.06"]

1. c4 e6 2. d4 d5 3. Nc3 Nf6 4. cxd5 exd5 5. Bg5 Be7 6. Nf3 c6 7. e3 O-O 8. Bd3
Re8 9. O-O Nbd7 10. Qc2 h6 11. Bh4 Ne4 12. Bxe7 Qxe7 13. Nd2 f5 14. a3 Ndf6 15.
b4 b5 16. Nb3 Ng4 17. Nxe4 fxe4 18. Be2 Qg5 19. Kh1 Re6 20. Bxg4 Qxg4 21. f3
Qh4 22. f4 Rf6 23. Na5 Bd7 24. Rac1 Kh7 25. Qf2 Qh5 26. Rc2 g5 27. Qe1 gxf4 28.
exf4 Rg8 29. Qe2 Bg4 30. Qe3 Qg6 31. Rfc1 Bd7 32. Rg1 Rgf8 33. Rf1 h5 34. Rcf2
Qh6 35. Nb3 h4 36. Nd2 Bf5 37. Rg1 Rg8 38. Rgf1 Rfg6 39. Rg1 Rg3 0-1

[Event "SVK 3.liga A2"]
[Site "?"]
[Date "2019.12.08"]
[Round "5.3"]
[White "Sefcik, Marek"]
[Black "Holicky, Miroslav"]
[Result "1-0"]
[WhiteElo "1977"]
[BlackElo "1777"]
[PlyCount "83"]
[EventDate "2019.10.06"]

1. e4 d5 2. Nc3 c6 3. d4 dxe4 4. Nxe4 Nf6 5. Nxf6+ exf6 6. Nf3 Be6 7. Be3 Nd7
8. c4 Bb4+ 9. Nd2 O-O 10. a3 Bxd2+ 11. Qxd2 Qe7 12. Bd3 Rfd8 13. O-O b5 14. b3
bxc4 15. bxc4 Nb6 16. Qc2 f5 17. Rfd1 Kh8 18. Bf1 Qf6 19. f4 Qe7 20. Bf2 Qc7
21. Qc1 Nc8 22. Qe3 Nb6 23. Rac1 Re8 24. Qf3 Qb7 25. Rd2 Rad8 26. Rb2 Qe7 27.
g3 h6 28. Rbc2 Qd7 29. Bg2 Qe7 30. Qe3 Qf8 31. Qb3 Bd7 32. Qb4 Kg8 33. Qa5 Nc8
34. d5 Qd6 35. c5 Qf6 36. d6 Re4 37. Bxe4 fxe4 38. Re2 Re8 39. Rce1 Qe6 40.
Rxe4 Qxe4 41. Rxe4 Rxe4 42. Qd8+ 1-0

[Event "SVK 3.liga A2"]
[Site "?"]
[Date "2019.12.08"]
[Round "5.3"]
[White "Drahos, Miroslav"]
[Black "Jakubec, Milan"]
[Result "0-1"]
[WhiteElo "1708"]
[BlackElo "1988"]
[PlyCount "104"]
[EventDate "2019.10.06"]

1. e4 e5 2. Nf3 Nf6 3. Nxe5 d6 4. Nf3 Nxe4 5. d4 d5 6. Bd3 Bd6 7. Nc3 Nxc3 8.
bxc3 Qe7+ 9. Qe2 Qxe2+ 10. Bxe2 O-O 11. O-O Re8 12. Bd3 Bg4 13. Nd2 Nd7 14. h3
Be2 15. Rb1 Bxf1 16. Kxf1 Rab8 17. Nf3 Nb6 18. Rb5 c6 19. Rb3 Nc4 20. Nd2 Bf4
21. Nxc4 dxc4 22. Bxf4 cxb3 23. axb3 Rbd8 24. Bc7 Rd7 25. Bf4 Rde7 26. Bd2 g6
27. g4 f6 28. f3 Kg7 29. Kf2 Rd7 30. Be3 a5 31. c4 Ra8 32. c5 a4 33. bxa4 Rxa4
34. d5 Rxd5 35. Be4 Re5 36. Bd3 Ra5 37. f4 Rexc5 38. Bxc5 Rxc5 39. Ke3 Rd5 40.
h4 g5 41. hxg5 fxg5 42. f5 h6 43. Ke4 Kf6 44. Kf3 Re5 45. Be4 Re7 46. Bd3 b5
47. Be4 c5 48. Bc6 b4 49. Bd5 Re1 50. Bc4 Ke5 51. Be2 Rc1 52. Bd3 c4 0-1

[Event "SVK 3.liga A2"]
[Site "?"]
[Date "2019.12.08"]
[Round "5.3"]
[White "Simkovic, Eduard"]
[Black "Benkovsky, Peter"]
[Result "1-0"]
[WhiteElo "1899"]
[BlackElo "1636"]
[PlyCount "47"]
[EventDate "2019.10.06"]

1. Nf3 d5 2. c4 Nf6 3. cxd5 Nxd5 4. e4 Nf6 5. Be2 Nc6 6. e5 Nd5 7. d4 e6 8. O-O
Be7 9. a3 a6 10. Nc3 b5 11. Nxd5 Qxd5 12. Be3 Bb7 13. Rc1 Rc8 14. Qc2 Na5 15.
b4 Nc6 16. Bd3 Nd8 17. Bxh7 g6 18. Bxg6 Rg8 19. Bh5 Rh8 20. Bg4 Rh4 21. h3 f5
22. exf6 Bxf6 23. Qg6+ Ke7 24. Rc5 1-0

[Event "SVK 3.liga A2"]
[Site "?"]
[Date "2019.12.08"]
[Round "5.3"]
[White "Kosticky, Simon"]
[Black "Husek, Lubomir"]
[Result "1-0"]
[WhiteElo "1782"]
[BlackElo "1873"]
[PlyCount "89"]
[EventDate "2019.10.06"]

1. c4 e5 2. Nc3 Nc6 3. g3 g6 4. Bg2 Bg7 5. d3 f5 6. Nf3 Nf6 7. Bg5 O-O 8. O-O
h6 9. Bxf6 Rxf6 10. Rb1 d6 11. Nd2 Ne7 12. b4 Rb8 13. Qa4 a6 14. b5 Bd7 15. Qa5
axb5 16. Nxb5 b6 17. Qa7 c6 18. Nc3 Be8 19. Rb2 Rf7 20. Rfb1 Nd5 21. Bxd5 cxd5
22. Qa6 e4 23. Rb3 exd3 24. Nxd5 dxe2 25. Re1 Bd4 26. Qa3 Ra8 27. Qc1 Rxa2 28.
Rxe2 Ra1 29. Rb1 Rxb1 30. Qxb1 Ra7 31. Qd3 Bg7 32. Nxb6 Ra1+ 33. Kg2 Bc6+ 34.
Nd5 Qd7 35. Nf3 Bxd5 36. Qxd5+ Kh7 37. Re6 Qc7 38. Rxd6 Ra7 39. Rc6 Qb7 40. Nh4
Ra6 41. Rxa6 Qxa6 42. c5 Qf6 43. c6 f4 44. c7 Qc3 45. Qd7 1-0

[Event "SVK 3.liga A2"]
[Site "?"]
[Date "2019.12.08"]
[Round "5.3"]
[White "Zlamal, Marek"]
[Black "Jancik, Ondrej"]
[Result "1-0"]
[WhiteElo "1856"]
[BlackElo "1545"]
[PlyCount "63"]
[EventDate "2019.10.06"]

1. e4 c5 2. c4 d6 3. Nc3 g6 4. d3 Bg7 5. Nf3 Nc6 6. Be2 Nf6 7. h3 O-O 8. O-O a6
9. a4 e5 10. Bg5 h6 11. Be3 Nd4 12. Nh2 Nxe2+ 13. Qxe2 Be6 14. a5 Nd7 15. Qd2
Kh7 16. Ne2 f5 17. exf5 Bxf5 18. Rab1 g5 19. Ng3 Bg6 20. Ng4 Rf4 21. Bxf4 exf4
22. Ne4 Ne5 23. Nxe5 Bxe5 24. Rfe1 Bd4 25. Nc3 b5 26. axb6 Rb8 27. Nd5 Rb7 28.
b4 Qf8 29. bxc5 dxc5 30. Rb3 Qg7 31. Ra3 a5 32. Rxa5 1-0

[Event "SVK 3.liga A2"]
[Site "?"]
[Date "2019.12.08"]
[Round "5.3"]
[White "Nemcovic, Peter"]
[Black "Hrubos, Milan"]
[Result "1-0"]
[WhiteElo "1630"]
[BlackElo "1744"]
[PlyCount "51"]
[EventDate "2019.10.06"]

1. d4 d5 2. c4 c6 3. Nc3 e6 4. cxd5 exd5 5. Bf4 Nf6 6. Qc2 Bd6 7. Bxd6 Qxd6 8.
e3 O-O 9. Bd3 a5 10. Nge2 b5 11. O-O Na6 12. a3 Nc7 13. e4 dxe4 14. Nxe4 Nxe4
15. Bxe4 g6 16. Bxc6 Rb8 17. Rac1 Ba6 18. Rfd1 b4 19. Ng3 bxa3 20. Ne4 Qe7 21.
bxa3 Nb5 22. a4 Nd6 23. Qc5 Rfd8 24. Re1 Qc7 25. Nf6+ Kg7 26. Qe5 1-0

[Event "SVK 3.liga A2"]
[Site "?"]
[Date "2019.12.08"]
[Round "5.3"]
[White "Stehlik, Jan"]
[Black "Fajnor, Dusan"]
[Result "1/2-1/2"]
[WhiteElo "1680"]
[BlackElo "1636"]
[PlyCount "93"]
[EventDate "2019.10.06"]

1. e4 c5 2. c4 Nc6 3. Nc3 Nf6 4. g3 g6 5. Bg2 Bg7 6. Nge2 d6 7. O-O O-O 8. d3
Bd7 9. h3 Qc7 10. Be3 a6 11. a4 Rab8 12. Qd2 Rfd8 13. f4 e6 14. g4 h5 15. Bf3
hxg4 16. hxg4 Kf8 17. Ng3 Nh7 18. f5 d5 19. Bf2 dxc4 20. dxc4 Nd4 21. Bd1 exf5
22. gxf5 gxf5 23. Nd5 Qe5 24. exf5 Bxf5 25. Nxf5 Qxf5 26. Qf4 Qxf4 27. Nxf4 Be5
28. Bg3 Bxf4 29. Bxf4 Rbc8 30. Bh5 Rc6 31. Be5 f6 32. Bf4 Ke7 33. Rae1+ Re6 34.
Kf2 Ng5 35. Rxe6+ Ngxe6 36. Re1 Rg8 37. Be3 Kd6 38. Bf7 Rg4 39. Bxd4 Nxd4 40.
Bd5 b6 41. Bb7 a5 42. Bd5 Rh4 43. Kg3 Rh8 44. Kg2 Kd7 45. Rf1 Re8 46. Rxf6 Re2+
47. Rf2 1/2-1/2

[Event "SVK 3.liga A2"]
[Site "?"]
[Date "2019.12.08"]
[Round "5.4"]
[White "Slaba, Andrea"]
[Black "Lanc, Alois"]
[Result "1/2-1/2"]
[WhiteElo "1966"]
[BlackElo "2287"]
[PlyCount "80"]
[EventDate "2019.10.06"]

1. d4 g6 2. c4 Bg7 3. Nf3 d6 4. Nc3 Nd7 5. e4 e5 6. d5 a5 7. Be2 Ngf6 8. O-O
O-O 9. Ne1 Nc5 10. f3 Nh5 11. g3 f5 12. exf5 gxf5 13. f4 Nf6 14. Nd3 Nxd3 15.
Bxd3 e4 16. Be2 c5 17. dxc6 bxc6 18. Be3 Be6 19. Qa4 Qc7 20. Rac1 Rab8 21. b3
Bf7 22. Qa3 Rfd8 23. Rfd1 h5 24. h3 Kh7 25. Kh2 Bf8 26. Qb2 Qe7 27. Bd4 Nd7 28.
Na4 Qe6 29. Qd2 Ra8 30. Nb6 Nxb6 31. Bxb6 Rdc8 32. Bd4 Be7 33. a3 Rcb8 34. b4
axb4 35. axb4 Qg6 36. Ra1 Qg8 37. Qc3 Qc8 38. Rxa8 Rxa8 39. Ra1 Kg6 40. Rxa8
Qxa8 1/2-1/2

[Event "SVK 3.liga A2"]
[Site "?"]
[Date "2019.12.08"]
[Round "5.4"]
[White "Arendas, Marek"]
[Black "Podjavorinsky, Michal"]
[Result "1/2-1/2"]
[WhiteElo "2114"]
[BlackElo "1971"]
[PlyCount "117"]
[EventDate "2019.10.06"]

1. e4 c5 2. Nf3 Nc6 3. c4 g6 4. Nc3 Bg7 5. d3 d6 6. Be3 Bg4 7. Be2 Bxf3 8. Bxf3
Nf6 9. Qd2 Nd4 10. Bd1 h5 11. h3 Nd7 12. O-O e6 13. Ba4 a6 14. Ne2 Nxe2+ 15.
Qxe2 O-O 16. Rab1 b5 17. cxb5 axb5 18. Bxb5 Rxa2 19. Bc4 Ra5 20. b4 cxb4 21.
Rxb4 Qa8 22. f4 d5 23. Bb5 Rb8 24. Rfb1 Ra1 25. Qf1 Rxb1 26. Qxb1 Qb7 27. exd5
exd5 28. d4 Nf6 29. Rb3 Qe7 30. Kf2 Ne4+ 31. Kf3 Bxd4 32. Bc6 Rxb3 33. Qxb3 Nf6
34. Qd3 Bxe3 35. Qxe3 Qd6 36. Bb5 Qb4 37. Bd3 Qc3 38. Ke2 Qb2+ 39. Kf3 Qb7 40.
Qd4 Qc6 41. Ke3 Nd7 42. Be2 Qc1+ 43. Kf3 Qa3+ 44. Kf2 Qc5 45. Ke3 Qe7+ 46. Kf2
Qe4 47. Qd2 Nf6 48. Bf3 Qc4 49. Ke3 Ne4 50. Qb2 Qc5+ 51. Kd3 Nd6 52. Qd4 Qc4+
53. Qxc4 dxc4+ 54. Kd4 Kf8 55. Bd5 Ke7 56. Bxc4 Nxc4 57. Kxc4 Ke6 58. Kd4 Kf5
59. Ke3 1/2-1/2

[Event "SVK 3.liga A2"]
[Site "?"]
[Date "2019.12.08"]
[Round "5.4"]
[White "Siska, Kristof"]
[Black "Gabris, Ondrej"]
[Result "0-1"]
[WhiteElo "1801"]
[BlackElo "2178"]
[PlyCount "104"]
[EventDate "2019.10.06"]

1. e4 d5 2. exd5 Nf6 3. d4 Bg4 4. Be2 Bxe2 5. Nxe2 Qxd5 6. O-O Nc6 7. Nbc3 Qf5
8. Ng3 Qd7 9. Be3 O-O-O 10. Qf3 e6 11. Rfd1 Nb4 12. Rac1 Kb8 13. Nge4 Nbd5 14.
Nxd5 Qxd5 15. Nxf6 Qxf3 16. gxf3 gxf6 17. c4 Be7 18. Kf1 f5 19. Bf4 Kc8 20. Be5
Rhg8 21. Ke2 Bg5 22. f4 Be7 23. d5 Rg2 24. Rh1 Bc5 25. Rcf1 exd5 26. Kf3 Rg6
27. cxd5 Rxd5 28. Rd1 Rxd1 29. Rxd1 Rh6 30. Rd5 Be7 31. Bd4 Rd6 32. Rxd6 Bxd6
33. b3 Kd7 34. Be3 Kc6 35. Ke2 Kd5 36. Kd3 a6 37. h3 b5 38. f3 c5 39. Kc3 Be7
40. Kc2 c4 41. Kc3 cxb3 42. Kxb3 Bc5 43. Bxc5 Kxc5 44. Kc3 a5 45. a3 b4+ 46.
axb4+ axb4+ 47. Kb3 h6 48. h4 h5 49. Kc2 Kc4 50. Kb2 b3 51. Kc1 Kc3 52. Kb1 b2
0-1

[Event "SVK 3.liga A2"]
[Site "?"]
[Date "2019.12.08"]
[Round "5.4"]
[White "Szitkey, Milan"]
[Black "Miciak, Emanuel"]
[Result "0-1"]
[WhiteElo "2059"]
[BlackElo "1817"]
[PlyCount "58"]
[EventDate "2019.10.06"]

1. e4 c5 2. Nf3 Nc6 3. c3 d5 4. exd5 Qxd5 5. d4 Bg4 6. Be2 e6 7. O-O Nf6 8. h3
Bh5 9. Be3 cxd4 10. cxd4 Be7 11. Nc3 Qd8 12. g4 Bg6 13. Ne5 Nb4 14. Bb5+ Kf8
15. Qf3 a6 16. Ba4 Nfd5 17. Bb3 Kg8 18. a3 Nxc3 19. bxc3 Nc6 20. Nxc6 bxc6 21.
Qxc6 h5 22. Bf4 hxg4 23. hxg4 Rc8 24. Qf3 Bd6 25. Bg3 Qc7 26. Rac1 Qb6 27. Bc2
Bxc2 28. Rxc2 Qb3 29. Qd3 Qd5 0-1

[Event "SVK 3.liga A2"]
[Site "?"]
[Date "2019.12.08"]
[Round "5.4"]
[White "Bzdusek, Jan"]
[Black "Sturdik, Igor"]
[Result "0-1"]
[WhiteElo "1836"]
[BlackElo "1956"]
[PlyCount "83"]
[EventDate "2019.10.06"]

1. d4 Nf6 2. c4 c5 3. Nf3 e6 4. Nc3 d5 5. Bg5 cxd4 6. Nxd4 e5 7. Nf3 d4 8. Nd5
Be7 9. Nxe7 Qxe7 10. e3 dxe3 11. Bxe3 O-O 12. Be2 Ng4 13. Qb3 Nc6 14. O-O Be6
15. h3 Na5 16. Qb5 Nxe3 17. fxe3 Qc7 18. Qxe5 Qxe5 19. Nxe5 f6 20. Nf3 Nxc4 21.
Bxc4 Bxc4 22. Rfc1 Rac8 23. Rc3 Be6 24. Rxc8 Rxc8 25. Nd4 Kf7 26. Kf2 a6 27. a3
Bd5 28. Re1 g6 29. g3 f5 30. g4 Kf6 31. Kg3 Ke5 32. gxf5 gxf5 33. Rf1 Rg8+ 34.
Kh4 Be4 35. Rf2 Rg1 36. Kh5 Rg3 37. h4 Rxe3 38. Nc2 Rh3 39. Kg5 Rg3+ 40. Kh6 f4
41. Nb4 f3 42. Nc2 0-1

[Event "SVK 3.liga A2"]
[Site "?"]
[Date "2019.12.08"]
[Round "5.4"]
[White "Mosny, Jaroslav"]
[Black "Curidlo, Jan"]
[Result "1/2-1/2"]
[WhiteElo "1894"]
[BlackElo "1820"]
[PlyCount "62"]
[EventDate "2019.10.06"]

1. d4 d5 2. Nf3 c6 3. Bf4 Nf6 4. e3 Bf5 5. Bd3 Bxd3 6. cxd3 e6 7. O-O Be7 8.
Nc3 O-O 9. Rc1 Na6 10. Na4 Nd7 11. Ne5 Rc8 12. Qb3 Nxe5 13. Bxe5 Qd7 14. Nc5
Nxc5 15. dxc5 f6 16. Bg3 h6 17. f3 Kh8 18. e4 dxe4 19. dxe4 e5 20. Rfd1 Qc7 21.
Bf2 Rcd8 22. h3 Rxd1+ 23. Rxd1 Rd8 24. Rxd8+ Bxd8 25. Qd3 Be7 26. Qd2 Kg8 27.
Kf1 Kf7 28. Ke2 Ke8 29. Be3 Qc8 30. Qd3 Qd7 31. Qxd7+ Kxd7 1/2-1/2